The complete guide to successful event bplanning / (Record no. 276648)
[ view plain ]
| 000 -LEADER | |
|---|---|
| fixed length control field | 00334nam a2200121 a 4500 |
| 005 - DATE AND TIME OF LATEST TRANSACTION | |
| control field | 20141022142009.0 |
| 008 - FIXED-LENGTH DATA ELEMENTS--GENERAL INFORMATION | |
| fixed length control field | 120228s19uu xx 00 eng d |
| 050 ## - LIBRARY OF CONGRESS CALL NUMBER | |
| Classification number | CD-ROM |
| Item number | K55 2006 |
| 100 ## - MAIN ENTRY--PERSONAL NAME | |
| Personal name | Kilkenny, Shannon |
| 245 ## - TITLE STATEMENT | |
| Title | The complete guide to successful event bplanning / |
| Statement of responsibility, etc | Shannon Kilkenny. |
| 260 ## - PUBLICATION, DISTRIBUTION, ETC. (IMPRINT) | |
| Date of publication, distribution, etc | 2006. |
| 942 ## - ADDED ENTRY ELEMENTS (KOHA) | |
| Koha item type | Audio Visual Materials |
| Withdrawn status | Lost status | Damaged status | Home library | Current library | Shelving location | Date acquired | Total Checkouts | Full call number | Barcode | Date last seen | Price effective from | Koha item type |
|---|---|---|---|---|---|---|---|---|---|---|---|---|
| College Library | College Library | Audio Visual Material Section | 02/28/2012 | CD-ROM K55 2006 | BSBA0061 | 04/12/2014 | 04/12/2014 | Audio Visual Materials |